Welcome to the Holygrace Academy Library

Please use search bar below to get started

INTERNATIONAL RELATIONS (Record no. 1536)

MARC details
000 -LEADER
fixed length control field 00415nam a22001577a 4500
020 ## - INTERNATIONAL STANDARD BOOK NUMBER
ISBN 81-2591616-4
082 ## - DEWEY DECIMAL CLASSIFICATION NUMBER
Classification number 320
Item number KHA/I
100 ## - MAIN ENTRY--AUTHOR NAME
Personal name KHANNA , V.N
245 ## - TITLE STATEMENT
Title INTERNATIONAL RELATIONS
Remainder of title SOCIAL SCIENCE
246 ## - VARYING FORM OF TITLE
Title proper/short title INTERNATIONAL RELATIONS
Remainder of title SOCIAL SCIENCE
260 ## - PUBLICATION, DISTRIBUTION, ETC. (IMPRINT)
Place of publication NEW DELHI
Name of publisher VIKAS PUBLISHING HOUSE PVT LTD
Year of publication 2004
300 ## - PHYSICAL DESCRIPTION
Number of Pages 453
520 ## - SUMMARY, ETC.
Summary, etc SOCIAL SCIENCE
650 ## - SUBJECT ADDED ENTRY--TOPICAL TERM
Topical Term SOCIAL SCIENCE
942 ## - ADDED ENTRY ELEMENTS (KOHA)
Koha item type Books
Holdings
Withdrawn status Lost status Collection code Home library Current library Shelving location Date acquired Source of acquisition Cost, normal purchase price Full call number Accession Number Koha item type
    Reference Main Library Main Library SHELF-5 G REFERENCE SOCIAL SCIENCE 12/09/2023 Purchase 175.00 320 KHA/I 04220 Books